Music Quiz

Random Music or Alphabet Quiz

30 Two-Word 'G' Musicians Match-Up Quiz Stats

 Plays Quiz Updated Dec 29, 2020

Support Sporcle.
Go Orange.
Score 0/30 Timer 05:00
0 Plays Today
% Correct
Gwen
97.8%
Grateful
92.9%
Garth
91.8%
Gloria
90.9%
Green
89.6%
Gladys
89.2%
Gnarls
87.7%
Good
84.6%
Grizzly
82.6%
George
82%
Grandmaster
80.5%
Gin
69%
Gamma
67.2%
Gavin
65%
Gipsy
59.9%
% Correct
Girl
59.6%
Ghostface
55.7%
Girls
50.7%
Gucci
45%
Groove
40.2%
Galaxie
38.1%
Gabriella
31.7%
Glen
29.5%
Gary
28.5%
Gogol
27%
Gold
26.2%
Gang
22.5%
Guano
21.2%
GG
20.9%
Gotan
14.8%

You're not logged in!

Compare scores with friends on all Sporcle quizzes.
OR
Log In
Forgot?

From the Vault

Memorial Day Multiple Choice

by biggs364

A day and quiz to remember.
Remove Ads.
Support Sporcle.
Get the best of Sporcle when you Go Orange. This ad-free experience offers more features, more stats, and more fun while also helping to support Sporcle. Thank you for becoming a member.

Show Comments

Extras

Top Quizzes Today


Score Distribution

Your Account Isn't Verified!

In order to create a playlist on Sporcle, you need to verify the email address you used during registration. Go to your Sporcle Settings to finish the process.

Report this User

Report this user for behavior that violates our Community Guidelines.

Details: